An analysis of selected factors affecting lumbar forces during lifting /

Bibliographic Details
Main Author: Hall, Susan Jean
Format: Thesis Microform Book
Language:English
Published: [Place of publication not identified] : [publisher not identified] ; 1982.
Subjects:

MARC

Tag First Indicator Second Indicator Subfields
LEADER 00000cam a2200000 a 4500
001 in00000017027
005 20151007053348.0
007 he bmb|||||||
008 861028r19861982orua bb 00010 eng d
035 |a (OCoLC)14557863 
035 |9 AAB1376AM 
040 |a WAY  |c WAY  |d HPE  |d TXA  |d UtOrBLW 
049 |a TXAI 
099 |a fiche  |a C  |a 9688 
100 1 |a Hall, Susan Jean. 
245 1 3 |a An analysis of selected factors affecting lumbar forces during lifting /  |c by Susan Jean Hall. 
264 1 |a [Place of publication not identified] :  |b [publisher not identified] ;  |c 1982. 
300 |a xii, 120 pages, 21 unnumbered leaves :  |b illustrations 
336 |a text  |b txt  |2 rdacontent 
337 |a microform  |b h  |2 rdamedia 
338 |a microfiche  |b he  |2 rdacarrier 
502 |b Ph. D.  |c Washington State University  |d 1982. 
504 |a Bibliography: leaves 111-116. 
533 |a Microfiche.  |b Eugene :  |c Microform Publications, College of Human Development and Performance, University of Oregon,  |d 1986.  |e 2 microfiches : negative ; 11 x 15 cm. 
500 |a Microform. 
650 0 |a Weight lifting  |x Physiological aspects. 
650 0 |a Human mechanics. 
650 0 |a Lumbar curve. 
999 |a MARS 
999 f f |s a714c4a6-1a34-3d5c-9fe9-f327b36e5d8f  |i 676737d0-8b1c-36c8-8f8b-d7347fe73392  |t 0 
952 f f |p normal  |a Texas A&M University  |b College Station  |c Sterling C. Evans Library  |d Evans: Microforms (3rd floor)  |t 0  |e fiche C 9688  |h Other scheme  |i microform -- microfiche  |m A14823247521 
998 f f |a fiche C 9688  |t 0  |l Evans: Microforms (3rd floor)